<?xml version="1.0" encoding="UTF-8"?><?xml-stylesheet type="text/xsl" href="static/style.xsl"?><OAI-PMH xmlns="http://www.openarchives.org/OAI/2.0/" xmlns:xsi="http://www.w3.org/2001/XMLSchema-instance" xsi:schemaLocation="http://www.openarchives.org/OAI/2.0/ http://www.openarchives.org/OAI/2.0/OAI-PMH.xsd"><responseDate>2026-06-05T15:41:51Z</responseDate><request verb="GetRecord" identifier="oai:riuma.uma.es:10630/16019" metadataPrefix="marc">https://riuma.uma.es/rest/oai/request</request><GetRecord><record><header><identifier>oai:riuma.uma.es:10630/16019</identifier><datestamp>2026-02-03T12:24:05Z</datestamp><setSpec>com_10630_2254</setSpec><setSpec>col_10630_37959</setSpec></header><metadata><record xmlns="http://www.loc.gov/MARC21/slim" xmlns:dcterms="http://purl.org/dc/terms/" xmlns:doc="http://www.lyncode.com/xoai" xmlns:xsi="http://www.w3.org/2001/XMLSchema-instance" xsi:schemaLocation="http://www.loc.gov/MARC21/slim http://www.loc.gov/standards/marcxml/schema/MARC21slim.xsd">
   <leader>00925njm 22002777a 4500</leader>
   <datafield ind2=" " ind1=" " tag="042">
      <subfield code="a">dc</subfield>
   </datafield>
   <datafield ind2=" " ind1=" " tag="720">
      <subfield code="a">Perán-Quesada, Salvador</subfield>
      <subfield code="e">author</subfield>
   </datafield>
   <datafield ind2=" " ind1=" " tag="260">
      <subfield code="c">2018-06-26</subfield>
   </datafield>
   <datafield ind2=" " ind1=" " tag="520">
      <subfield code="a">¿Puede una posición de ajedrez mejorar el aprendizaje del Derecho en general o del Derecho del Trabajo, en particular? Planteemos una pregunta algo más sorprendente, ¿puede un operador iuslaboralista sacar algún tipo de enseñanza de los principios teóricos ajedrecísticos hipermodernos? Ha quedado demostrado que el ajedrez es un método adecuado para mejorar competencias transversales en la edad escolar, pero, ¿hay alguna posibilidad de llevar el ajedrez a las aulas de Derecho? Tomaremos como referencia una famosa composición de Richard Reti para reflexionar de modo general sobre el principio de economía procesal en el orden social.</subfield>
   </datafield>
   <datafield ind1="8" ind2=" " tag="024">
      <subfield code="a">https://hdl.handle.net/10630/16019</subfield>
   </datafield>
   <datafield tag="653" ind2=" " ind1=" ">
      <subfield code="a">Derecho - Estudio y enseñanza</subfield>
   </datafield>
   <datafield ind2="0" ind1="0" tag="245">
      <subfield code="a">¿Puede aprenderse derecho jugando al ajedrez?</subfield>
   </datafield>
</record>
</metadata></record></GetRecord></OAI-PMH>